MARC details
| 000 -CABECERA |
| campo de control de longitud fija |
02562nam a2200313 a 4500 |
| 003 - IDENTIFICADOR DEL NÚMERO DE CONTROL |
| campo de control |
OSt |
| 005 - FECHA Y HORA DE LA ÚLTIMA TRANSACCIÓN |
| campo de control |
20251112085231.0 |
| 007 - CAMPO FIJO DE DESCRIPCIÓN FÍSICA--INFORMACIÓN GENERAL |
| campo de control de longitud fija |
cr ||||||a|c|a |
| 008 - DATOS DE LONGITUD FIJA--INFORMACIÓN GENERAL |
| campo de control de longitud fija |
230503s2019 mx a|||fom||| 001 0 spa d |
| 040 ## - FUENTE DE LA CATALOGACIÓN |
| Normas de descripción |
rda |
| 100 1# - ENTRADA PRINCIPAL--NOMBRE DE PERSONA |
| 9 (RLIN) |
186893 |
| Nombre de persona |
Reyes Santiago, Rigoberto |
| 245 10 - MENCIÓN DE TÍTULO |
| Título |
Evaluación técnico financiera del beneficiado húmedo y seco del café en Siltepec, Chiapas / |
| Mención de responsabilidad, etc. |
por Rigoberto Reyes Santiago y Abimael Heraldo Gálvez López; director de tesis Braulio Morales Morales. |
| 264 #1 - PRODUCCIÓN, PUBLICACIÓN, DISTRIBUCIÓN, FABRICACIÓN Y COPYRIGHT |
| Producción, publicación, distribución, fabricación y copyright |
Chapingo, México : |
| Nombre del de productor, editor, distribuidor, fabricante |
El autor, |
| Fecha de producción, publicación, distribución, fabricación o copyright |
2019. |
| 300 ## - DESCRIPCIÓN FÍSICA |
| Extensión |
1 recurso en línea (110 páginas): |
| Otras características físicas |
imagenes, esquemas, tablas. gráficas. |
| 336 ## - TIPO DE CONTENIDO |
| Fuente |
rdacontent |
| Término de tipo de contenido |
texto |
| Código de tipo de contenido |
txt |
| 337 ## - TIPO DE MEDIO |
| Fuente |
rdamedia |
| Nombre/término del tipo de medio |
computadora |
| Código del tipo de medio |
c |
| 338 ## - TIPO DE SOPORTE |
| Fuente |
rdacarrier |
| Nombre/término del tipo de soporte |
recurso en línea |
| Código del tipo de soporte |
cr |
| 502 ## - NOTA DE TESIS |
| Tipo de título |
Licenciatura en Administración y Negocios |
| Nombre de la institución que otorga el título |
División de Ciencias Económico Administrativas, |
| Año de obtención del título |
2019. |
| Información miscelánea |
Licenciatura |
| 504 ## - NOTA DE BIBLIOGRAFÍA, ETC. |
| Nota de bibliografía, etc. |
Incluye referencias bibliográficas: páginas 94-96. |
| 520 ## - SUMARIO, ETC. |
| Sumario, etc. |
Este trabajo es una evaluación técnico financiera del beneficiado húmedo y seco del café en la comunidad de Siltepec, Chiapas, que es una zona productora de café donde existe un alto grado de intermediarismo y con este proyecto se pretende integrar a los productores para que sean ellos los principales beneficiarios. La puesta en marcha de este estaría generando empleos directos e indirectos dentro del proceso y la producción de café. En los municipios cafetaleros, tres de cada cuatro trabajadores agrícolas no perciben ingresos o ganan hasta un salario mínimo. Los bajos ingresos no permiten mejorar las condiciones productivas de las plantaciones cafetaleras. El beneficio húmedo y seco permitirá agregar valor al producto y es un eslabón en la cadena de valor de este producto. Para determinar la rentabilidad del proyecto se utilizó una tasa de actualización del 16% y se emplearon indicadores financieros como la tasa interna de retorno (TIR), el valor actual neto (VAN), la relación beneficio costo (RB/C), los cuales dieron los siguientes resultados: VAN de $10, 766,110.94; Relación Beneficio Costo B/C de $1.23 y una TIR de 32%, por lo que indica que el proyecto es viable. |
| 650 #4 - PUNTO DE ACCESO ADICIONAL DE MATERIA--TÉRMINO DE MATERIA |
| 9 (RLIN) |
131340 |
| Término de materia o nombre geográfico como elemento de entrada |
Café |
| Subdivisión general |
Análisis costo-beneficio |
| 650 #4 - PUNTO DE ACCESO ADICIONAL DE MATERIA--TÉRMINO DE MATERIA |
| 9 (RLIN) |
17095 |
| Término de materia o nombre geográfico como elemento de entrada |
Café |
| Subdivisión general |
Aspectos económicos |
| -- |
Chiapas |
| 650 #4 - PUNTO DE ACCESO ADICIONAL DE MATERIA--TÉRMINO DE MATERIA |
| 9 (RLIN) |
17196 |
| Término de materia o nombre geográfico como elemento de entrada |
Café |
| Subdivisión general |
Rendimiento |
| 650 #4 - PUNTO DE ACCESO ADICIONAL DE MATERIA--TÉRMINO DE MATERIA |
| 9 (RLIN) |
149378 |
| Término de materia o nombre geográfico como elemento de entrada |
Proyectos económicos |
| Subdivisión general |
Evaluación |
| 700 1# - PUNTO DE ACCESO ADICIONAL--NOMBRE DE PERSONA |
| 9 (RLIN) |
186894 |
| Nombre de persona |
Galvez López, Abimael Heraldo |
| 700 1# - PUNTO DE ACCESO ADICIONAL--NOMBRE DE PERSONA |
| 9 (RLIN) |
78345 |
| Nombre de persona |
Morales Morales, Braulio |
| Término indicativo de función/relación |
director. |
| 856 ## - LOCALIZACIÓN Y ACCESO ELECTRÓNICOS |
| Identificador Uniforme del Recurso |
http://10.13.5.2/tesis/tl/Reyes_Santiago_Rigoberto.pdf |
| Nota pública |
DESCARGAR PDF |
| 942 ## - ELEMENTOS DE PUNTO DE ACCESO ADICIONAL (KOHA) |
| Fuente del sistema de clasificación o colocación |
Clasificación Universidad Autónoma Chapingo |
| Tipo de ítem Koha |
Tesis digital |